00580nam a22001817a 450000500170000001000150001702000260003203500140005803700130007208200140008524500960009926000450019527000630024030000250030350000190032870000270034770000240037420170522152411.0 aENG-118288 a9780199467785c995.00 aEN-101820 bDBAD/PUB a306.60954 aReligion and modernity in India /cedited by Shekhar Bandyopadhyay [and] Aloka Parasher Sen aNew DelhibOxford University Pressc2017 aYMCA Library Building,1 Jai Singh Roadb New Delhie110001 axi,323p. c23cm.(Hb) aIncludes index a Bandyopadhyay,Shekhar a Parasher Sen,Aloka